[Event "36th Reykjavik op"]
[Site "Reykjavik ISL"]
[Date "2023.03.29"]
[Round "1.29"]
[White "Briem, Stephan"]
[Black "Demuth, Adrien"]
[WhiteElo "2142"]
[BlackElo "2475"]
[Result "0-1"]
[EventDate "2023.03.29"]
[PlyCount "90"]

1. d4 Nf6 2. c4 c5 3. d5 b5 4. Qc2 b4 5. e4 d6 6. a3 a5 7. Bd3 g6 8. Nf3 Bg7 9. O-O
O-O 10. h3 Nbd7 11. Re1 e5 12. dxe6 fxe6 13. Nbd2 Nh5 14. Bf1 Bb7 15. Rb1 e5 16.
Be2 Nf4 17. Bd1 Nb8 18. Nf1 Ne6 19. Ne3 b3 20. Qxb3 Bxe4 21. Nc2 Bc6 22. Qe3 Nf4
23. b4 Nd7 24. Bb2 Nb6 25. Qb3 a4 26. Qc3 Ra7 27. bxc5 dxc5 28. Qe3 Nd3 29. Nxe5
Bxe5 30. Bxe5 Nxc4 31. Qg3 Ncxe5 32. Rxe5 Nxe5 33. Qxe5 Qd5 34. Qxd5+ Bxd5 35. Ne3
Bf7 36. g4 Rc8 37. Rc1 Bb3 38. Be2 Kg7 39. f4 Rd7 40. g5 Rf7 41. f5 gxf5 42. Kf2
f4 43. Ng4 Re7 44. h4 c4 45. Rc3 Rd8  0-1

[Event "36th Reykjavik op"]
[Site "Reykjavik ISL"]
[Date "2023.03.29"]
[Round "1.30"]
[White "Ioannidis, Evgenios"]
[Black "Heldenbergh, Nils"]
[WhiteElo "2473"]
[BlackElo "2141"]
[Result "1-0"]
[EventDate "2023.03.29"]
[PlyCount "85"]

1. d4 d5 2. c4 e6 3. Nc3 a6 4. cxd5 exd5 5. Bf4 Nf6 6. e3 c5 7. Nge2 Nc6 8. g3 cxd4
9. Nxd4 Bg4 10. f3 Be6 11. Bg2 Be7 12. O-O O-O 13. Rc1 h6 14. Na4 Nxd4 15. Bc7 Qe8
16. Qxd4 Nd7 17. f4 b5 18. Nb6 Bf6 19. Qd2 Nxb6 20. Bxb6 Qd7 21. Bd4 Bxd4 22. Qxd4
Rfd8 23. Rc5 Rac8 24. Rfc1 Rxc5 25. Rxc5 Rc8 26. b4 Rxc5 27. Qxc5 g6 28. Kf2 h5 29.
h4 Kg7 30. Qd4+ Kf8 31. Ke2 Qc6 32. Qc5+ Qxc5 33. bxc5 Ke7 34. Kd3 Kd7 35. Kd4 Kc6
36. f5 gxf5 37. Bf3 a5 38. Bxh5 b4 39. Bd1 Kb5 40. h5 f6 41. h6 Bg8 42. Bb3 a4 43.
Bxa4+  1-0

[Event "36th Reykjavik op"]
[Site "Reykjavik ISL"]
[Date "2023.03.29"]
[Round "1.31"]
[White "Mai, Alexander Oliver"]
[Black "Korley, Kassa"]
[WhiteElo "2141"]
[BlackElo "2468"]
[Result "0-1"]
[EventDate "2023.03.29"]
[PlyCount "98"]

1. e4 e6 2. d4 d5 3. exd5 exd5 4. Nf3 Nf6 5. Bd3 c5 6. O-O c4 7. Re1+ Be7 8. Bf1
O-O 9. b3 cxb3 10. axb3 Nc6 11. Nbd2 Bf5 12. c3 Qc7 13. Bb2 Rfe8 14. b4 Bd6 15. Qb3
Rxe1 16. Rxe1 h6 17. g3 Bf8 18. Nh4 Bh7 19. Ng2 Ne7 20. Ne3 Rd8 21. Ra1 Nc8 22. Ra5
Qd7 23. Nf3 b6 24. Ne5 Qe6 25. Ra1 Ne4 26. Be2 Bd6 27. f4 Bxe5 28. fxe5 Ng5 29. h4
Ne4 30. Kh2 Qg6 31. Rg1 Ne7 32. Bc1 Qc6 33. Bb2 Nf5 34. Nxf5 Bxf5 35. b5 Qc8 36.
Rd1 Bg4 37. Re1 Qf5 38. Rf1 Qh5 39. Bxg4 Qxg4 40. Rg1 Nf2 41. Rg2 Qe2 42. g4 Nxg4+
43. Kg3 Qe3+ 44. Kxg4 h5+ 45. Kxh5 Qf3+ 46. Kg5 Qxg2+ 47. Kf4 f6 48. exf6 Rf8 49.
Ke5 Qe4+  0-1

[Event "36th Reykjavik op"]
[Site "Reykjavik ISL"]
[Date "2023.03.29"]
[Round "1.32"]
[White "Richter, Michael"]
[Black "Kunz, Andre"]
[WhiteElo "2466"]
[BlackElo "2140"]
[Result "1-0"]
[EventDate "2023.03.29"]
[PlyCount "69"]

1. Nf3 d5 2. g3 c5 3. Bg2 Nc6 4. d4 e6 5. O-O Nf6 6. c4 cxd4 7. Nxd4 Bc5 8. Nb3 Be7
9. cxd5 exd5 10. Nc3 Be6 11. Bg5 O-O 12. Rc1 Qb6 13. Be3 Qb4 14. a3 Qg4 15. Nd4 Qh5
16. f3 Ne5 17. Bf2 Bh3 18. Qc2 Bxg2 19. Kxg2 Rac8 20. Qf5 Bc5 21. Qxh5 Nxh5 22. Nxd5
Rfd8 23. e4 Nd3 24. Rc3 Nxf2 25. Rxf2 Bxd4 26. Rxc8 Rxc8 27. Ne7+ Kf8 28. Nxc8 Bxf2
29. Kxf2 a6 30. Ke3 Nf6 31. Kd4 Nd7 32. Kd5 Ke8 33. Nd6+ Ke7 34. Nxb7 Nb6+ 35. Kd4
 1-0

[Event "36th Reykjavik op"]
[Site "Reykjavik ISL"]
[Date "2023.03.29"]
[Round "1.33"]
[White "Stefansson, Vignir Vatnar"]
[Black "Van Kessel, Wessel"]
[WhiteElo "2461"]
[BlackElo "2137"]
[Result "1-0"]
[EventDate "2023.03.29"]
[PlyCount "79"]

1. d4 Nf6 2. c4 c5 3. d5 b5 4. cxb5 a6 5. bxa6 g6 6. Nc3 Bg7 7. e4 O-O 8. a7 Rxa7
9. Nf3 d6 10. Be2 Ba6 11. O-O Nbd7 12. a4 Qb6 13. Nd2 Ne5 14. Nb5 Raa8 15. Qc2 e6
16. dxe6 fxe6 17. f4 c4+ 18. Kh1 Nd3 19. Nxc4 Nf2+ 20. Rxf2 Qxf2 21. Be3 Qh4 22.
Nc7 Ng4 23. Bxg4 Qxg4 24. Nxa8 Rxa8 25. Nxd6 Rb8 26. Qc7 Rf8 27. Qc2 g5 28. f5 Be5
29. Nc4 Bb8 30. Rf1 Rc8 31. b3 Bb7 32. Qf2 Bxe4 33. fxe6 Qxe6 34. Bxg5 Bd3 35. Re1
Qg6 36. Be7 Qh5 37. Nd6 Re8 38. Qf6 Qd5 39. Nxe8 Qh5 40. Qg7#  1-0

[Event "36th Reykjavik op"]
[Site "Reykjavik ISL"]
[Date "2023.03.29"]
[Round "1.34"]
[White "Krivenko, Dion"]
[Black "Panchanathan, Magesh Chandran"]
[WhiteElo "2136"]
[BlackElo "2460"]
[Result "0-1"]
[EventDate "2023.03.29"]
[PlyCount "148"]

1. e4 e5 2. Nf3 Nc6 3. d4 exd4 4. Nxd4 Nf6 5. Nxc6 bxc6 6. Nd2 d5 7. exd5 cxd5 8.
Bb5+ Bd7 9. Bxd7+ Qxd7 10. O-O Be7 11. b3 O-O 12. Bb2 Qf5 13. Nf3 Ne4 14. Qd3 Rfe8
15. Rad1 Bf6 16. Bxf6 Qxf6 17. c4 Nc3 18. Rde1 c6 19. cxd5 cxd5 20. Rxe8+ Rxe8 21.
Re1 Rxe1+ 22. Nxe1 Ne4 23. Qc2 g6 24. h3 Qa1 25. Qe2 h5 26. Kh2 Qd4 27. Kg1 a5 28.
Nf3 Qc3 29. Kh2 Kg7 30. g3 g5 31. Kg2 f6 32. Ne1 Kg6 33. f3 Nd6 34. Qe6 Nf7 35. Qe2
Kg7 36. Nd3 d4 37. f4 Kf8 38. Kf2 g4 39. hxg4 hxg4 40. Kg2 f5 41. Nf2 Qc6+ 42. Kg1
Kg7 43. Qd3 Qd5 44. Nd1 Qc5 45. Nf2 Nd6 46. Qa6 Qc1+ 47. Kg2 Qc7 48. Qa8 Qb7+ 49.
Qxb7+ Nxb7 50. Nd3 Kf6 51. a4 Ke6 52. b4 Kd5 53. bxa5 Nxa5 54. Kf2 Kc4 55. Ke2 Kc3
56. Nc1 Kc2 57. Nd3 Nc6 58. Ne1+ Kc3 59. Nd3 Kb3 60. Kd2 Kxa4 61. Nc5+ Kb5 62. Nb7
Ne7 63. Kd3 Kc6 64. Nd8+ Kd5 65. Nf7 Nc6 66. Kd2 Na5 67. Kd3 Nb3 68. Kc2 Nc5 69.
Nh6 Ke6 70. Kd2 Ne4+ 71. Kd3 Nxg3 72. Kxd4 Kf6 73. Ng8+ Kf7 74. Nh6+ Kf6  0-1

[Event "36th Reykjavik op"]
[Site "Reykjavik ISL"]
[Date "2023.03.29"]
[Round "1.35"]
[White "Yankelevich, Lev"]
[Black "Harish, Neeraj"]
[WhiteElo "2459"]
[BlackElo "2127"]
[Result "1/2-1/2"]
[EventDate "2023.03.29"]
[PlyCount "192"]

1. d4 d5 2. c4 e6 3. Nc3 Nf6 4. cxd5 exd5 5. Bg5 Be7 6. e3 h6 7. Bh4 O-O 8. Bd3 c6
9. h3 Re8 10. Qc2 Nbd7 11. Bg3 Nf8 12. Nf3 Bd6 13. Bxd6 Qxd6 14. O-O-O b5 15. Kb1
N8d7 16. g4 b4 17. Na4 Ne4 18. Bxe4 dxe4 19. Nd2 Qd5 20. Rc1 Ba6 21. Nc5 Nxc5 22.
Qxc5 Qxc5 23. Rxc5 Bb5 24. Rg1 Rad8 25. g5 h5 26. h4 Re6 27. Kc1 Rd5 28. Nb3 Kf8
29. Kd2 Ke7 30. Rgc1 Red6 31. Na5 Ke6 32. Rxd5 cxd5 33. Nb7 Rb6 34. Rc7 g6 35. Nd8+
Kf5 36. Rxf7+ Kg4 37. Rf4+ Kh3 38. Nf7 Bd7 39. Ne5 Bg4 40. Rf6 Bf5 41. Rf7 Kxh4 42.
Rxa7 Kxg5 43. Ke2 Rb8 44. Kf1 h4 45. Kg2 h3+ 46. Kg3 Rc8 47. Nf7+ Kf6 48. Nd6 Rc2
49. Nxf5 gxf5 50. b3 h2 51. Rh7 Rxa2 52. Rxh2 Rb2 53. Kf4 Rxb3 54. Rh6+ Kg7 55. Rb6
Rb2 56. Kxf5 Rxf2+ 57. Ke5 Rf3 58. Kxd5 Rxe3 59. Rxb4 Kf7 60. Ke5 Ke7 61. Rb7+ Kd8
62. Kd6 Kc8 63. Rc7+ Kd8 64. Rh7 Kc8 65. Rh8+ Kb7 66. Re8 Re1 67. d5 e3 68. Kd7 e2
69. d6 Rh1 70. Rxe2 Rh7 71. Re7 Rh8 72. Rg7 Kb6 73. Rf7 Kb7 74. Re7 Kb6 75. Re8 Rh7+
76. Ke6 Rh6 77. Kd5 Rh5+ 78. Re5 Rh7 79. Re7 Rh5+ 80. Ke6 Rh6 81. Kd7 Rh8 82. Rf7
Kb7 83. Rf2 Rh7 84. Ke6 Kc6 85. Rc2+ Kb7 86. Rg2 Rh6+ 87. Ke7 Rh7 88. Ke6 Rh6+ 89.
Ke5 Rh5+ 90. Kf6 Rh6+ 91. Ke7 Rh7 92. Kd8 Rh8+ 93. Kd7 Rh7 94. Ke6 Rh6+ 95. Kd5 Rh5+
96. Ke6 Rh6+  1/2-1/2

[Event "36th Reykjavik op"]
[Site "Reykjavik ISL"]
[Date "2023.03.29"]
[Round "1.36"]
[White "Briem, Benedikt"]
[Black "Willow, Jonah"]
[WhiteElo "2127"]
[BlackElo "2459"]
[Result "1/2-1/2"]
[EventDate "2023.03.29"]
[PlyCount "146"]

1. d4 d5 2. c4 e6 3. Nf3 a6 4. g3 dxc4 5. Bg2 Nc6 6. O-O Rb8 7. a4 b5 8. axb5 axb5
9. b3 cxb3 10. Qxb3 Nf6 11. Bb2 Qd5 12. Nfd2 Qd7 13. Rd1 Be7 14. Ne4 Nxe4 15. Bxe4
O-O 16. Qc3 Bb7 17. Bg2 Rfd8 18. e3 b4 19. Qc2 Bf6 20. Nd2 Ne7 21. Bxb7 Rxb7 22.
Ne4 b3 23. Qc1 Rbb8 24. Nxf6+ gxf6 25. d5 exd5 26. Bxf6 Rb6 27. Bb2 Rc6 28. Qd2 Qg4
29. Rac1 Rdd6 30. Ra1 f6 31. Ra8+ Kf7 32. Ba3 Rd7 33. Qd3 Qf5 34. Qxb3 Qc2 35. Qxc2
Rxc2 36. Rh8 Kg7 37. Re8 Nc6 38. Rb1 Ra2 39. Bc5 Rc2 40. Ba3 Ra2 41. Bb2 Kf7 42.
Rh8 Kg7 43. Re8 Kf7 44. Rh8 Ke6 45. Rc1 Nb4 46. Bd4 Rc2 47. Rxc2 Nxc2 48. Bc5 Ne1
49. Re8+ Kf5 50. Rc8 Nd3 51. Bd4 Ne5 52. Kg2 Nc6 53. Bc5 Nd8 54. h3 Ne6 55. g4+ Kg6
56. Bb4 Rd8 57. Rxd8 Nxd8 58. Ba5 Ne6 59. f4 f5 60. Kf3 c6 61. Bb6 Nf8 62. Ke2 Nd7
63. Bd4 c5 64. Bc3 Nf6 65. Bxf6 Kxf6 66. Kd3 Kg6 67. Kc3 fxg4 68. hxg4 h5 69. gxh5+
Kxh5 70. Kd3 Kg4 71. e4 Kxf4 72. exd5 Ke5 73. d6 Kxd6  1/2-1/2

[Event "36th Reykjavik op"]
[Site "Reykjavik ISL"]
[Date "2023.03.29"]
[Round "1.37"]
[White "Knaak, Rainer"]
[Black "Ingvason, Johann"]
[WhiteElo "2455"]
[BlackElo "2122"]
[Result "1-0"]
[EventDate "2023.03.29"]
[PlyCount "99"]

1. d4 Nf6 2. c4 c5 3. d5 b5 4. cxb5 a6 5. e3 g6 6. Nc3 Bg7 7. a4 O-O 8. Nf3 d6 9.
e4 e6 10. dxe6 fxe6 11. Bg5 h6 12. Bh4 Qa5 13. Nd2 Bb7 14. Qc2 d5 15. Be2 axb5 16.
Bxf6 Bxf6 17. Nxb5 Nc6 18. exd5 exd5 19. O-O Kh7 20. Nb3 Qb4 21. Nxc5 Nd4 22. Nxd4
Bxd4 23. Ne6 Rfc8 24. Qd3 Bf6 25. Rfe1 Rxa4 26. Bh5 Rg8 27. Rac1 Kh8 28. Bf3 Raa8
29. Nc7 Rad8 30. Red1 d4 31. Ne6 Rd6 32. Nc5 Bxf3 33. Qxf3 Bg7 34. Nd3 Qb6 35. h4
Rf8 36. Qg4 h5 37. Qe4 Qd8 38. g3 Re8 39. Qb7 Rd7 40. Qa6 Rd6 41. Rc6 Rxc6 42. Qxc6
Rf8 43. Qxg6 Qd5 44. Re1 Qf5 45. Nf4 Kg8 46. Qxh5 Qc2 47. Qd5+ Kh7 48. Re7 Qc1+ 49.
Kg2 Qxb2 50. Qe5  1-0

[Event "36th Reykjavik op"]
[Site "Reykjavik ISL"]
[Date "2023.03.29"]
[Round "1.38"]
[White "Jaksland, Tim"]
[Black "Loiseau, Quentin"]
[WhiteElo "2117"]
[BlackElo "2449"]
[Result "0-1"]
[EventDate "2023.03.29"]
[PlyCount "50"]

1. e4 e5 2. Nf3 Nc6 3. d4 exd4 4. Nxd4 Bc5 5. Nb3 Bb6 6. Nc3 Nf6 7. Qe2 a5 8. e5
O-O 9. exf6 a4 10. fxg7 Re8 11. Ne4 axb3 12. Bh6 Re6 13. Bg5 Rxe4 14. Qxe4 Qxg5 15.
Bd3 Qe5 16. cxb3 d5 17. Qxe5 Nxe5 18. Be2 Ba5+ 19. Kf1 d4 20. a3 d3 21. Bh5 Be6 22.
Rc1 d2 23. Rc5 Bg4 24. Bxg4 Nxg4 25. Rd5 Re8  0-1

[Event "36th Reykjavik op"]
[Site "Reykjavik ISL"]
[Date "2023.03.29"]
[Round "1.39"]
[White "Trimitzios, Petros"]
[Black "Cramling Bellon, Anna"]
[WhiteElo "2358"]
[BlackElo "2066"]
[Result "1-0"]
[EventDate "2023.03.29"]
[PlyCount "87"]

1. d4 d5 2. c4 e6 3. Nf3 Nf6 4. g3 Bb4+ 5. Bd2 Be7 6. Bg2 c6 7. Qc2 Nbd7 8. O-O Ne4
9. Nc3 f5 10. Bf4 O-O 11. Ne5 Nxe5 12. Bxe5 b6 13. cxd5 cxd5 14. Rac1 Bf6 15. Nxe4
fxe4 16. Qc6 Bd7 17. Qd6 Rc8 18. Bh3 Qe8 19. Rc7 Rxc7 20. Qxc7 Bxe5 21. dxe5 Qh5
22. Qxd7 Qxh3 23. Qxa7 Qf5 24. Qxb6 Qxe5 25. b4 d4 26. Rd1 d3 27. Qe3 Qb2 28. Qxe4
dxe2 29. Qxe6+ Kh8 30. Re1 Qxb4 31. Rxe2 h6 32. Qe7 Qb1+ 33. Kg2 Qf5 34. Qe4 Qa5
35. Qc6 Qf5 36. a4 h5 37. h4 Qf7 38. a5 Kh7 39. a6 Qa7 40. Qb7 Rf7 41. Qxa7 Rxa7
42. Ra2 Kg6 43. Kf3 Kf6 44. Ke4  1-0

[Event "36th Reykjavik op"]
[Site "Reykjavik ISL"]
[Date "2023.03.29"]
[Round "1.40"]
[White "Rakotomaharo, Fy Antenaina"]
[Black "Hnatyshyn, Anastasiia"]
[WhiteElo "2448"]
[BlackElo "2114"]
[Result "1-0"]
[EventDate "2023.03.29"]
[PlyCount "135"]

1. Nf3 Nf6 2. c4 e6 3. Nc3 d5 4. e3 Be7 5. b3 O-O 6. Bb2 c5 7. cxd5 exd5 8. d4 Nc6
9. Be2 Be6 10. O-O Rc8 11. dxc5 Bxc5 12. Rc1 Be7 13. Qd3 Qd7 14. Rfd1 Rfd8 15. Nd4
Nxd4 16. Qxd4 Bc5 17. Qa4 Qxa4 18. Nxa4 Bd6 19. Bd4 b6 20. Ba6 Rxc1 21. Rxc1 Kf8
22. Nb2 Ke7 23. Nd3 Ne8 24. Ne5 Bd7 25. Bd3 g6 26. Nxd7 Rxd7 27. g4 h6 28. h4 Rd8
29. g5 hxg5 30. hxg5 Ke6 31. f4 Be7 32. Kg2 Nd6 33. Ba6 f6 34. Rc7 Nf5 35. gxf6 Bxf6
36. Bxf6 Kxf6 37. Rxa7 Nxe3+ 38. Kf3 Nc2 39. Rc7 Nd4+ 40. Ke3 Nf5+ 41. Kd3 Rd6 42.
a4 Ng7 43. Bc8 Nh5 44. b4 Nxf4+ 45. Kd2 Ne6 46. Rc3 d4 47. Ra3 Rd8 48. Bb7 Ke5 49.
Ra1 Rh8 50. Kd3 Rh7 51. Re1+ Kd6 52. Be4 Ra7 53. Ra1 Ke5 54. Re1 Kd6 55. Ra1 Rc7
56. Kd2 g5 57. Bf5 Rf7 58. Bg4 Kd5 59. a5 Rf2+ 60. Ke1 Rb2 61. a6 Nc7 62. a7 Rxb4
63. Rc1 Ra4 64. Rxc7 Ra1+ 65. Kd2 Ke4 66. Rf7 Ra2+ 67. Kc1 Kd3 68. Bf3  1-0

[Event "36th Reykjavik op"]
[Site "Reykjavik ISL"]
[Date "2023.03.29"]
[Round "1.41"]
[White "Kolbus, Dietmar"]
[Black "Botez, Alexandra"]
[WhiteElo "2273"]
[BlackElo "1988"]
[Result "1-0"]
[EventDate "2023.03.29"]
[PlyCount "85"]

1. c4 e5 2. Nf3 Nc6 3. d4 exd4 4. Nxd4 Bb4+ 5. Bd2 Bxd2+ 6. Qxd2 Nxd4 7. Qxd4 Qf6
8. Qd2 Ne7 9. Nc3 O-O 10. e4 a6 11. Be2 d6 12. O-O Rd8 13. f4 Bd7 14. Rac1 c6 15.
Rfd1 Nc8 16. a4 Qe7 17. Bf3 Be6 18. b3 f6 19. a5 Bf7 20. Na4 b5 21. axb6 Rb8 22.
Qa5 Qb7 23. e5 Nxb6 24. exd6 Nxa4 25. bxa4 Be8 26. Qd2 Qb3 27. a5 Qa3 28. c5 Rb5
29. Qd4 Rxa5 30. Rc3 Qa2 31. Qe3 Qf7 32. Be2 Qb7 33. Rb3 Qd7 34. Rb6 Bf7 35. Rdb1
Re8 36. Rb8 Rb5 37. Rxe8+ Qxe8 38. Qxe8+ Bxe8 39. Bxb5 axb5 40. Re1 Kf8 41. Kf2 Bd7
42. Re7 Bf5 43. Ke3  1-0

[Event "36th Reykjavik op"]
[Site "Reykjavik ISL"]
[Date "2023.03.29"]
[Round "1.42"]
[White "Skou, Niels"]
[Black "Mardov, Dimitar"]
[WhiteElo "2114"]
[BlackElo "2445"]
[Result "0-1"]
[EventDate "2023.03.29"]
[PlyCount "74"]

1. d4 Nf6 2. c4 e6 3. Nc3 Bb4 4. e3 O-O 5. Nf3 d5 6. Bd2 b6 7. cxd5 exd5 8. Bd3 Bb7
9. Ne5 Be7 10. O-O c5 11. Rc1 Nc6 12. Nxc6 Bxc6 13. Qf3 Qd7 14. Bf5 Qb7 15. Qg3 Rfe8
16. Rfe1 Rad8 17. h4 g6 18. Bc2 Bf8 19. Qf4 Bg7 20. Ne2 Ne4 21. Bc3 Re6 22. Rf1 Bb5
23. Rce1 Qa6 24. Bd1 h5 25. f3 Rf6 26. Qc7 Rc8 27. Qh2 Nxc3 28. bxc3 Re8 29. e4 dxe4
30. fxe4 Rxf1+ 31. Kxf1 cxd4 32. a4 Bc4 33. Kf2 dxc3 34. Qf4 Qa5 35. Bc2 Qc5+ 36.
Kf3 Rd8 37. Nc1 Rd2  0-1

[Event "36th Reykjavik op"]
[Site "Reykjavik ISL"]
[Date "2023.03.29"]
[Round "1.43"]
[White "Striskova, Lucia"]
[Black "Belenkaya, Dina"]
[WhiteElo "2002"]
[BlackElo "2300"]
[Result "0-1"]
[EventDate "2023.03.29"]
[PlyCount "72"]

1. e4 c6 2. d4 d5 3. Nc3 dxe4 4. Nxe4 Nf6 5. Nxf6+ gxf6 6. Bf4 Na6 7. c3 Nc7 8. g3
h5 9. Nf3 Bg4 10. h3 Bf5 11. Bg2 Qd7 12. Nh4 Be6 13. Qa4 Nd5 14. Bd2 Nb6 15. Qc2
Bd5 16. Bxd5 Qxd5 17. O-O O-O-O 18. Bf4 Qd7 19. Kh2 e6 20. Ng2 Nd5 21. h4 Nxf4 22.
Nxf4 Bd6 23. Qe4 Rdg8 24. Qf3 Rg4 25. Ng2 f5 26. Ne3 Rxh4+ 27. Kg2 Re4 28. Rh1 h4
29. Rh3 Rg8 30. Rah1 Qd8 31. Nxf5 exf5 32. Qxf5+ Re6 33. Rxh4 Qf6 34. Qd3 Qg6 35.
Qc4 Bxg3 36. Rh6 Qe4+  0-1

[Event "36th Reykjavik op"]
[Site "Reykjavik ISL"]
[Date "2023.03.29"]
[Round "1.44"]
[White "Kather, Yannick"]
[Black "Williams, Simon"]
[WhiteElo "2137"]
[BlackElo "2461"]
[Result "0-1"]
[EventDate "2023.03.29"]
[PlyCount "48"]

1. e4 e6 2. d4 d5 3. Nc3 Nf6 4. exd5 exd5 5. Nf3 c6 6. Be2 Bd6 7. O-O Nbd7 8. Qd3
O-O 9. Nd1 Re8 10. Bg5 Nf8 11. Ne3 Ng6 12. g3 h6 13. Bxf6 Qxf6 14. Nd2 Bh3 15. Rfe1
Re6 16. Bf1 Nf4 17. gxf4 Qxf4 18. Bxh3 Qxh2+ 19. Kf1 Qxh3+ 20. Ke2 Qh5+ 21. f3 Rae8
22. Kd1 Bg3 23. Re2 Qh1+ 24. Ndf1 Rxe3  0-1

[Event "36th Reykjavik op"]
[Site "Reykjavik ISL"]
[Date "2023.03.29"]
[Round "1.45"]
[White "Dhulipalla, Bala Chandra Prasad"]
[Black "Birkisson, Bjoern Holm"]
[WhiteElo "2441"]
[BlackElo "2110"]
[Result "1-0"]
[EventDate "2023.03.29"]
[PlyCount "113"]

1. d4 d5 2. c4 e6 3. Nf3 Nf6 4. g3 Bb4+ 5. Bd2 Be7 6. Bg2 O-O 7. O-O c6 8. Qc2 Nbd7
9. Bf4 b6 10. Rd1 Ba6 11. Ne5 Rc8 12. cxd5 Nxd5 13. Nxc6 Nb4 14. Qa4 Nxc6 15. Bxc6
Bxe2 16. Re1 b5 17. Qa6 Nb6 18. Rxe2 Rxc6 19. Nc3 Qa8 20. Qxb5 Rd8 21. Rd1 Nd5 22.
Nxd5 Rxd5 23. Qa4 Bf6 24. Be3 Qc8 25. Red2 h5 26. Qa3 h4 27. Qd3 hxg3 28. hxg3 Rh5
29. Qe4 g6 30. b3 Rd5 31. Kg2 Qd7 32. Rh1 Rcd6 33. Rhd1 Bg7 34. Kg1 e5 35. Rd3 exd4
36. Bf4 Re6 37. Qf3 Qc6 38. Rc1 Rc5 39. Rxc5 Re1+ 40. Kg2 Qxc5 41. Qa8+ Kh7 42. g4
g5 43. Bd2 Re6 44. Rf3 Qe5 45. Qb7 Re7 46. Qc8 Kg6 47. Qc6+ Re6 48. Qb7 Re7 49. Qa6+
Re6 50. Qxa7 Rf6 51. Qa8 Qe2 52. Bb4 d3 53. Qd5 Rxf3 54. Qxf3 Qc2 55. Qf5+ Kh6 56.
Qxf7 Qe2 57. Qh5#  1-0

[Event "36th Reykjavik op"]
[Site "Reykjavik ISL"]
[Date "2023.03.29"]
[Round "1.46"]
[White "Hoffmann, Sebastian"]
[Black "Wadsworth, Matthew"]
[WhiteElo "2108"]
[BlackElo "2439"]
[Result "0-1"]
[EventDate "2023.03.29"]
[PlyCount "56"]

1. d4 d5 2. c4 c6 3. cxd5 cxd5 4. Bf4 Nc6 5. e3 Nf6 6. Nc3 a6 7. Be2 Bf5 8. Nf3 e6
9. Qb3 Nh5 10. Qxb7 Na5 11. Qc7 Nxf4 12. Qxd8+ Rxd8 13. exf4 Rb8 14. Bxa6 Rxb2 15.
O-O Bd6 16. Nh4 Bc2 17. f5 g5 18. fxg6 hxg6 19. Nf3 O-O 20. a4 Rb3 21. Nb5 Bb4 22.
Rfc1 Rb2 23. Na3 Be4 24. Ng5 Nb3 25. Nxe4 Nxc1 26. Nf6+ Kg7 27. Nd7 Nb3 28. Rb1 Bxa3
 0-1

[Event "36th Reykjavik op"]
[Site "Reykjavik ISL"]
[Date "2023.03.29"]
[Round "1.47"]
[White "Ramoutar, Alan-Safar"]
[Black "Loncke, Matthieu"]
[WhiteElo "2425"]
[BlackElo "2108"]
[Result "1/2-1/2"]
[EventDate "2023.03.29"]
[PlyCount "91"]

1. e4 c5 2. Nc3 Nc6 3. Bb5 Nd4 4. Nf3 a6 5. Bd3 Nc6 6. O-O e6 7. a3 Nf6 8. b4 cxb4
9. axb4 Bxb4 10. e5 Ng4 11. Bb2 O-O 12. Ne4 d5 13. exd6 f5 14. Qe2 h6 15. Ng3 Bxd6
16. Bc4 Kh7 17. Nh5 e5 18. h3 Nf6 19. Nxf6+ Qxf6 20. Rfe1 Re8 21. Bb5 Bd7 22. Bxc6
Bxc6 23. Nxe5 Qg5 24. f3 Rad8 25. d3 Re7 26. Qf2 Rde8 27. f4 Qf6 28. Bd4 Bxe5 29.
Bxe5 Qg6 30. Re3 Qf7 31. Rg3 Rxe5 32. fxe5 Rxe5 33. Rf1 a5 34. d4 Rb5 35. Qf4 a4
36. Qd6 Rd5 37. Qb4 f4 38. Rd3 Qg6 39. Rd2 Rg5 40. d5 Bxd5 41. Rff2 f3 42. Qxa4 fxg2
43. Qd4 Qe4 44. Qxe4+ Bxe4 45. Rf4 Bc6 46. Rb4  1/2-1/2

[Event "36th Reykjavik op"]
[Site "Reykjavik ISL"]
[Date "2023.03.29"]
[Round "1.48"]
[White "Johansson, Jukka"]
[Black "Laddha, Shubh Jayesh"]
[WhiteElo "2106"]
[BlackElo "2422"]
[Result "1/2-1/2"]
[EventDate "2023.03.29"]
[PlyCount "42"]

1. d4 d5 2. c4 c6 3. Nc3 Nf6 4. e3 e6 5. Nf3 Nbd7 6. Bd3 dxc4 7. Bxc4 b5 8. Be2 Bd6
9. O-O O-O 10. a3 Bb7 11. e4 e5 12. Bg5 Re8 13. Re1 (13. Rc1 a5 14. d5 cxd5 15. Nxd5
Bxd5 16. exd5 Qb8 17. h3 Ne4 18. Qd3 Nxg5 19. Nxg5 Nf6 20. Qxb5 e4 21. h4 Be5 22.
Rc2 h6 23. Nh3 Rd8 24. Rd1 Qa7 25. Qc5 Qxc5 26. Rxc5 Bxb2 27. a4 Ba3 28. Rb5 Ne8
29. Nf4 Nc7 30. Rb7 Bd6 31. Nh5 Rab8 32. Rdb1 Nxd5 33. Bc4 Ne7 34. Ng3 e3 35. Ne4
exf2+ 36. Kxf2 Rxb7 37. Rxb7 Bb4 38. Rxe7 (38. Rc7 Kh7 39. h5 f5 40. Ng3 Bd6 41.
Rb7 Bc5+ 42. Ke2 Bd6 43. Nxf5 Nxf5 44. Bd3 Re8+ 45. Kf1 Bg3 46. Bxf5+ Kg8 47. Rb1
Re3 48. Rd1 Kf7 49. Bd3 Kf6 50. Be2 Re4 51. Rd3 Rf4+ 52. Rf3) 38... Kh7 39. h5 f5
40. Ng3) 13... a5 14. d5 cxd5 15. Nxd5 Bxd5 16. exd5 Qb8 17. h3 Ne4 18. Qd3 Nxg5
19. Nxg5 Nf6 20. Qxb5 e4 21. h4 Be5  1/2-1/2

[Event "36th Reykjavik op"]
[Site "Reykjavik ISL"]
[Date "2023.03.29"]
[Round "1.49"]
[White "Kjartansson, Gudmundur"]
[Black "Girardin, Yves"]
[WhiteElo "2402"]
[BlackElo "2104"]
[Result "1-0"]
[EventDate "2023.03.29"]
[PlyCount "149"]

1. Nf3 d5 2. g3 Nf6 3. Bg2 e6 4. O-O Be7 5. c4 O-O 6. b3 c5 7. cxd5 Nxd5 8. Nc3 Nxc3
9. dxc3 Nc6 10. Qc2 f6 11. Nd2 Qe8 12. Rd1 Qg6 13. Qxg6 hxg6 14. Nc4 Rd8 15. Be3
Rd7 16. Bxc6 Rxd1+ 17. Rxd1 bxc6 18. Na5 Ba6 19. Nxc6 Bf8 20. c4 Bb7 21. Ne7+ Bxe7
22. Rd7 Be4 23. Rxe7 Bb1 24. a4 a5 25. Bxc5 Rb8 26. Rxe6 Bc2 27. Rb6 Rxb6 28. Bxb6
Bxb3 29. c5 Bxa4 30. Bxa5 g5 31. g4 Kf7 32. f3 Ke7 33. Bc7 g6 34. e4 Kd7 35. Bd6
Ke6 36. Kf2 Bb5 37. Ke3 Ba4 38. Bg3 Bb5 39. Be1 Ba4 40. Bc3 Bb5 41. Be1 Ba4 42. Bg3
Bb5 43. f4 gxf4+ 44. Kxf4 g5+ 45. Ke3 Ba4 46. h3 Bb5 47. h4 gxh4 48. Bxh4 Ba4 49.
Kf4 Bb5 50. Be1 Bc6 51. Bc3 Bd7 52. e5 fxe5+ 53. Bxe5 Bc6 54. g5 Be8 55. Ke4 Bc6+
56. Kd4 Be8 57. Bf6 Bc6 58. Kc4 Be8 59. Bd4 Kf5 60. Be3 Ke4 61. Bc1 Ke5 62. Kb4 Kd5
63. Bf4 Ke4 64. Bd6 Kd5 65. Ka5 Kc6 66. Ka6 Bg6 67. Ka7 Be4 68. Kb8 Kd7 69. Bf4 Kd8
70. Ka7 Kd7 71. Kb6 Bf3 72. g6 Bd5 73. g7 Bc4 74. c6+ Kc8 75. Kc5  1-0

[Event "36th Reykjavik op"]
[Site "Reykjavik ISL"]
[Date "2023.03.29"]
[Round "1.50"]
[White "Vemparala, Nikash"]
[Black "Throstur, Thorhallsson"]
[WhiteElo "2100"]
[BlackElo "2392"]
[Result "0-1"]
[EventDate "2023.03.29"]
[PlyCount "76"]

1. e4 c5 2. Nf3 e6 3. g3 Nc6 4. Bg2 Nf6 5. Qe2 e5 6. O-O Be7 7. Na3 O-O 8. Nc4 Re8
9. Ncxe5 Nxe5 10. Nxe5 Bf8 11. Nd3 Nxe4 12. Bxe4 d5 13. Bxh7+ Kxh7 14. Qh5+ Kg8 15.
Nf4 d4 16. d3 Bd7 17. Bd2 Bc6 18. Rae1 Qd7 19. f3 g6 20. Qg4 Qd6 21. h4 Bh6 22. Rxe8+
Rxe8 23. Qh3 c4 24. Qh2 c3 25. bxc3 dxc3 26. Bc1 Bg7 27. Ne2 Qe6 28. Nf4 Qxa2 29.
Qf2 Qa4 30. Kh2 Qd4 31. Qg2 a5 32. h5 g5 33. Nh3 g4 34. Ng5 gxf3 35. Nxf3 Qg4 36.
h6 Bxf3 37. Qxf3 Re2+ 38. Kg1 Bd4+  0-1

[Event "36th Reykjavik op"]
[Site "Reykjavik ISL"]
[Date "2023.03.29"]
[Round "1.51"]
[White "Ladopoulos, Dimitrios"]
[Black "Murphy, Hugh"]
[WhiteElo "2391"]
[BlackElo "2100"]
[Result "1-0"]
[EventDate "2023.03.29"]
[PlyCount "73"]

1. d4 Nf6 2. Nf3 e6 3. c4 Bb4+ 4. Nbd2 O-O 5. a3 Be7 6. e4 d6 7. Bd3 e5 8. dxe5 dxe5
9. Nxe5 Re8 10. Qc2 Nh5 11. g3 Bf6 12. Nef3 Nc6 13. O-O Bg4 14. Re1 g6 15. Bf1 Qd7
16. Rb1 Rad8 17. b4 Nd4 18. Nxd4 Bxd4 19. Nb3 Be5 20. Bg2 Bd1 21. Qa2 Bc3 22. Nc5
Qc8 23. Rf1 Bg4 24. Qc2 Bg7 25. Bg5 f6 26. Be3 b6 27. Nb3 Bh3 28. Rbd1 Bxg2 29. Kxg2
Qb7 30. c5 Rxd1 31. c6 Qa6 32. Rxd1 Bf8 33. Rd7 Bd6 34. Nd4 Qxa3 35. Nb5 Qxb4 36.
Nxd6 cxd6 37. c7  1-0